[Event "Bayern-chTT (RL Nord-Ost)"]
[Site "Bayern 2008/09"]
[Date "2008.10.26"]
[Round "2.8"]
[White "Halbritter, Benjamin"]
[Black "Redzepovic, Irfan"]
[Result "0-1"]
[WhiteElo "1768"]
[BlackElo "2092"]
[PlyCount "74"]
[EventDate "2009.03.??"]
[EventType "team-tourn"]
[EventRounds "9"]
[WhiteTeam "Dietfurt 1"]
[BlackTeam "Nürnberg-SW 1"]

1. d4 d5 2. c4 c6 3. cxd5 cxd5 4. Nc3 Nc6 5. Nf3 e6 6. Bf4 a6 7. e3 b5 8. Be2
Nf6 9. Ne5 Na5 10. O-O Be7 11. a4 b4 12. Na2 O-O 13. b3 Bb7 14. Nd3 Qb6 15. f3
Nh5 16. Bg3 Nxg3 17. hxg3 Rac8 18. Kf2 Rc7 19. Rb1 Rfc8 20. Rb2 Nc6 21. Qd2 e5
22. Nxe5 Nxe5 23. dxe5 Rc3 24. Bd3 d4 25. e4 a5 26. f4 Rxd3 27. Qxd3 Ba6 28.
Qd2 Rc3 29. Re1 Qg6 30. Nxc3 dxc3 31. Qd7 Bc5+ 32. Kf3 cxb2 33. Qd8+ Bf8 34.
Qd2 h5 35. Qc2 Qg4+ 36. Kf2 h4 37. Re3 Bc5 0-1

[Event "Bayern-chTT (RL Nord-Ost)"]
[Site "Bayern 2008/09"]
[Date "2008.11.30"]
[Round "3.1"]
[White "Albrecht, Hans(57)"]
[Black "Van Ginkel, Pieter"]
[Result "0-1"]
[WhiteElo "2091"]
[BlackElo "2221"]
[PlyCount "72"]
[EventDate "2009.03.??"]
[EventType "team-tourn"]
[EventRounds "9"]
[WhiteTeam "Altensittenbach 1"]
[BlackTeam "Nürnberg-SW 1"]

1. e4 c5 2. Nf3 e6 3. b3 Nf6 4. e5 Nd5 5. Bb2 Nc6 6. g3 Be7 7. Bg2 O-O 8. O-O
f6 9. Qe2 d6 10. exf6 Bxf6 11. Bxf6 Nxf6 12. Na3 e5 13. c3 Bg4 14. h3 Bh5 15.
Qc4+ Kh8 16. Ng5 Qe7 17. Qe6 Rae8 18. Qxe7 Rxe7 19. Rae1 d5 20. g4 Bg6 21. f4
Bd3 22. Rf2 h6 23. Nf3 Ne4 24. f5 Nxf2 25. Kxf2 Kh7 26. Nh4 Rd8 27. Ng6 Ree8
28. c4 dxc4 29. bxc4 e4 30. Nf4 Nd4 31. Re3 Nc2 32. Nxc2 Bxc2 33. Ke1 b6 34.
Ne6 Rd3 35. Rxe4 Rg3 36. Re2 Bd3 0-1

[Event "Bayern-chTT (RL Nord-Ost)"]
[Site "Bayern 2008/09"]
[Date "2008.11.30"]
[Round "3.2"]
[White "Saathoff, Richard"]
[Black "Roeder, Frank"]
[Result "1/2-1/2"]
[WhiteElo "2109"]
[BlackElo "2153"]
[PlyCount "21"]
[EventDate "2009.03.??"]
[EventType "team-tourn"]
[EventRounds "9"]
[WhiteTeam "Nürnberg-SW 1"]
[BlackTeam "Altensittenbach 1"]

1. e4 c5 2. Nf3 Nc6 3. d4 cxd4 4. Nxd4 d5 5. Bb5 dxe4 6. Nxc6 Qxd1+ 7. Kxd1 a6
8. Ba4 Bd7 9. Nc3 Bxc6 10. Bxc6+ bxc6 11. Nxe4 1/2-1/2

[Event "Bayern-chTT (RL Nord-Ost)"]
[Site "Bayern 2008/09"]
[Date "2008.11.30"]
[Round "3.3"]
[White "Roeder, Gerd Dr"]
[Black "Stiller, Juergen"]
[Result "0-1"]
[WhiteElo "2209"]
[BlackElo "2164"]
[PlyCount "68"]
[EventDate "2009.03.??"]
[EventType "team-tourn"]
[EventRounds "9"]
[WhiteTeam "Altensittenbach 1"]
[BlackTeam "Nürnberg-SW 1"]

1. e4 e6 2. d4 d5 3. Nd2 a6 4. e5 c5 5. c3 Nc6 6. Ndf3 cxd4 7. cxd4 Qb6 8. Bd3
Bb4+ 9. Kf1 Bd7 10. Ne2 f6 11. Be3 Be7 12. g3 Nh6 13. exf6 Bxf6 14. Bxh6 gxh6
15. Qd2 O-O-O 16. Rc1 Rdf8 17. Kg2 e5 18. dxe5 Bg5 19. Nf4 Bxf4 20. gxf4 Rhg8+
21. Kf1 Bh3+ 22. Ke2 Bg2 23. Rhd1 Bxf3+ 24. Kxf3 Kb8 25. Bxh7 Nxe5+ 26. Ke2
Qb5+ 27. Bd3 Nxd3 28. Qxd3 Qxb2+ 29. Rc2 Re8+ 30. Kf1 Qg7 31. Qg3 Qd7 32. Qf3
Qb5+ 33. Qd3 Qd7 34. Rc3 Qg4 0-1

[Event "Bayern-chTT (RL Nord-Ost)"]
[Site "Bayern 2008/09"]
[Date "2008.11.30"]
[Round "3.4"]
[White "Eiber, Manfred"]
[Black "Wallinger, Manfred"]
[Result "1-0"]
[WhiteElo "2122"]
[BlackElo "2142"]
[PlyCount "63"]
[EventDate "2009.03.??"]
[EventType "team-tourn"]
[EventRounds "9"]
[WhiteTeam "Nürnberg-SW 1"]
[BlackTeam "Altensittenbach 1"]

1. d4 d5 2. c3 c6 3. Nf3 Bf5 4. Qb3 Qb6 5. Bf4 Nd7 6. e3 e6 7. Nbd2 Ngf6 8. Be2
Be7 9. h3 h6 10. g4 Be4 11. Nxe4 Nxe4 12. Qxb6 axb6 13. Nd2 Nxd2 14. Kxd2 Nf6
15. f3 Kd7 16. Bd3 Bd6 17. Bxd6 Kxd6 18. e4 e5 19. f4 Nxe4+ 20. Bxe4 dxe4 21.
fxe5+ Kd5 22. Ke3 c5 23. Rhf1 Rhf8 24. Rf5 cxd4+ 25. cxd4 Rac8 26. Raf1 Rc2 27.
Rxf7 Rxf7 28. Rxf7 Rxb2 29. Rd7+ Ke6 30. Rxg7 Rxa2 31. Rxb7 Ra3+ 32. Kxe4 1-0

[Event "Bayern-chTT (RL Nord-Ost)"]
[Site "Bayern 2008/09"]
[Date "2008.11.30"]
[Round "3.5"]
[White "Auer, Guenther(68)"]
[Black "Bunk, Karsten"]
[Result "0-1"]
[WhiteElo "2017"]
[BlackElo "2010"]
[PlyCount "96"]
[EventDate "2009.03.??"]
[EventType "team-tourn"]
[EventRounds "9"]
[WhiteTeam "Altensittenbach 1"]
[BlackTeam "Nürnberg-SW 1"]

1. d4 Nf6 2. c4 g6 3. Nc3 d5 4. cxd5 Nxd5 5. e4 Nxc3 6. bxc3 Bg7 7. Bc4 c5 8.
Ne2 O-O 9. Be3 cxd4 10. cxd4 Qa5+ 11. Qd2 Nc6 12. Rd1 Qxd2+ 13. Rxd2 Na5 14.
Bd3 Bd7 15. Rc2 Rfc8 16. Rxc8+ Rxc8 17. O-O Nc4 18. Bg5 Nb2 19. Bb1 Bb5 20. Rc1
Rxc1+ 21. Nxc1 Bxd4 22. Nb3 Bb6 23. Bxe7 Nd1 24. Bc5 Bxc5 25. Nxc5 Nc3 26. Bc2
b6 27. Nb7 Ne2+ 28. Kh1 Nd4 29. Nd6 Bd7 30. Bd3 b5 31. f4 Kf8 32. Kg1 Ke7 33.
Nb7 Be6 34. a3 Bc4 35. Bb1 Ne2+ 36. Kf2 Nxf4 37. Na5 Kd6 38. Nxc4+ bxc4 39. Ke3
Ne6 40. Kd2 Kc5 41. Kc3 Nf4 42. a4 f6 43. Ba2 Ne2+ 44. Kd2 Nf4 45. Kc3 Nxg2 46.
Bxc4 Ne3 47. Be2 h5 48. h3 Ng2 0-1

[Event "Bayern-chTT (RL Nord-Ost)"]
[Site "Bayern 2008/09"]
[Date "2008.11.30"]
[Round "3.6"]
[White "Meulner, Klaus"]
[Black "Endres, Christian(90)"]
[Result "1-0"]
[WhiteElo "2069"]
[BlackElo "2002"]
[PlyCount "47"]
[EventDate "2009.03.??"]
[EventType "team-tourn"]
[EventRounds "9"]
[WhiteTeam "Nürnberg-SW 1"]
[BlackTeam "Altensittenbach 1"]

1. d4 Nf6 2. Nc3 d5 3. Bg5 g6 4. Qd2 Bg7 5. O-O-O O-O 6. Bh6 Bxh6 7. Qxh6 c5 8.
e3 c4 9. Be2 Nc6 10. h4 b5 11. Bf3 b4 12. Nxd5 Ng4 13. Bxg4 Bxg4 14. h5 Qd6 15.
Nf3 gxh5 16. Qxd6 exd6 17. Nf6+ Kg7 18. Nxh5+ Bxh5 19. Rxh5 a5 20. Rdh1 Rh8 21.
Rg5+ Kf6 22. Rh6+ Ke7 23. d5 Na7 24. Nd4 1-0

[Event "Bayern-chTT (RL Nord-Ost)"]
[Site "Bayern 2008/09"]
[Date "2008.11.30"]
[Round "3.7"]
[White "Ammon, Tobias"]
[Black "Redzepovic, Irfan"]
[Result "0-1"]
[WhiteElo "1945"]
[BlackElo "2092"]
[PlyCount "185"]
[EventDate "2009.03.??"]
[EventType "team-tourn"]
[EventRounds "9"]
[WhiteTeam "Altensittenbach 1"]
[BlackTeam "Nürnberg-SW 1"]

1. e4 g6 2. d4 Bg7 3. Nf3 d6 4. Nc3 a6 5. a4 Nf6 6. Be2 b6 7. O-O Bb7 8. Bc4
O-O 9. Re1 c6 10. d5 Nbd7 11. Qe2 c5 12. h3 Ne8 13. Bf4 f6 14. Rad1 Kh8 15. h4
Ne5 16. h5 Qd7 17. h6 Nc7 18. hxg7+ Kxg7 19. Nxe5 fxe5 20. Bc1 Rf7 21. Qe3 Raf8
22. Qh6+ Kg8 23. Rf1 b5 24. axb5 axb5 25. Be2 b4 26. Nb1 Qa4 27. c4 Qc2 28. Bd3
Qb3 29. Qd2 Ba6 30. Qe2 Na8 31. Nd2 Qa2 32. Bb1 Qa4 33. b3 Qa1 34. Qd3 Bc8 35.
Nf3 Bg4 36. Ng5 Rf6 37. f3 Bd7 38. f4 exf4 39. Rf2 Qe5 40. Nf3 Qh5 41. Bb2 R6f7
42. Qd2 g5 43. e5 Bg4 44. e6 Rf6 45. Bxf6 Rxf6 46. Qa2 Nc7 47. Qa7 Rh6 48. Kf1
Nxe6 49. Qxe7 Nd4 50. Rxd4 cxd4 51. Ke2 Qh4 52. Be4 Bxf3+ 53. gxf3 Qg3 54. Qe8+
Kg7 55. Qd7+ Kg8 56. Qg4 Qxg4 57. fxg4 Rh3 58. Rf3 Rh4 59. Bf5 Kg7 60. Kd3 Kf6
61. Be6 Ke5 62. Rf2 Rh3+ 63. Kc2 d3+ 64. Kd2 Kd4 65. Bf5 h6 66. Bg6 Rg3 67. Rh2
f3 68. Rxh6 Rg2+ 69. Kd1 f2 70. Bxd3 Kxd3 71. Rh3+ Kd4 72. Ke2 Rxg4 73. Kxf2
Rf4+ 74. Kg2 g4 75. Rh6 Kc5 76. Rg6 Rf3 77. Rxg4 Rxb3 78. Kf2 Rc3 79. Ke2 Rxc4
80. Rg8 Kxd5 81. Kd3 Rc3+ 82. Kd2 Kc4 83. Rc8+ Kd4 84. Rh8 Kc4 85. Rc8+ Kb3 86.
Rd8 Rc6 87. Rh8 d5 88. Rh3+ Rc3 89. Rh5 Kc4 90. Rh4+ d4 91. Rh8 Rd3+ 92. Kc2
b3+ 93. Kc1 0-1

[Event "Bayern-chTT (RL Nord-Ost)"]
[Site "Bayern 2008/09"]
[Date "2008.11.30"]
[Round "3.8"]
[White "Konsek, Peter"]
[Black "Schwarm, Werner"]
[Result "1-0"]
[WhiteElo "1984"]
[BlackElo "1808"]
[PlyCount "113"]
[EventDate "2009.03.??"]
[EventType "team-tourn"]
[EventRounds "9"]
[WhiteTeam "Nürnberg-SW 1"]
[BlackTeam "Altensittenbach 1"]

1. e4 Nc6 2. Nf3 e5 3. Bb5 a6 4. Ba4 Nf6 5. O-O d6 6. Re1 Be7 7. c3 O-O 8. h3
b5 9. Bb3 Na5 10. Bc2 h6 11. d4 Nc6 12. Nbd2 Nh7 13. Nf1 Ng5 14. d5 Na5 15. a4
Bd7 16. axb5 axb5 17. b3 Nxf3+ 18. Qxf3 Bg5 19. Ba3 Qf6 20. Qxf6 Bxf6 21. Ra2
Nb7 22. b4 Ra7 23. Rea1 Rfa8 24. Bb3 Bg5 25. f3 f5 26. Bb2 Rxa2 27. Rxa2 Rxa2
28. Bxa2 fxe4 29. fxe4 Kf8 30. Kf2 c5 31. dxc6 Bxc6 32. Kf3 Ke7 33. g3 h5 34.
h4 Bh6 35. Ne3 Bxe3 36. Kxe3 Nd8 37. c4 Ne6 38. Kd3 Nc7 39. c5 Ne6 40. Bd5 Nd8
41. Bc1 Bxd5 42. exd5 Nf7 43. c6 g6 44. Ke4 Kd8 45. Be3 Kc7 46. Kf3 Kc8 47. g4
hxg4+ 48. Kxg4 Kc7 49. Ba7 Kc8 50. Bb6 Kb8 51. Be3 Kc7 52. Bd2 Kc8 53. h5 gxh5+
54. Kxh5 Kc7 55. Kg6 Nd8 56. Kf6 e4 57. Be3 1-0

[Event "Bayern-chTT (RL Nord-Ost)"]
[Site "Bayern 2008/09"]
[Date "2008.11.30"]
[Round "3.1"]
[White "Palek, Miroslav"]
[Black "Klimpel, Thomas"]
[Result "1/2-1/2"]
[WhiteElo "2133"]
[BlackElo "2059"]
[PlyCount "85"]
[EventDate "2009.03.??"]
[EventType "team-tourn"]
[EventRounds "9"]
[WhiteTeam "Dietfurt 1"]
[BlackTeam "Kareth-Lappersdorf 1"]

1. e4 e5 2. Nf3 Nc6 3. Bb5 Nf6 4. Qe2 a6 5. Ba4 b5 6. Bb3 Be7 7. O-O O-O 8. c3
d5 9. d3 Bb7 10. Bg5 d4 11. Nbd2 h6 12. Bh4 Nh5 13. Bg3 Nxg3 14. hxg3 Qd6 15.
Rac1 Rac8 16. Bd5 Na5 17. cxd4 exd4 18. Bxb7 Nxb7 19. e5 Qd5 20. Qe4 Qxe4 21.
Nxe4 c5 22. b3 Rfd8 23. Rc2 Rd5 24. Rfc1 a5 25. a4 b4 26. Re1 Nd8 27. Ned2 Nc6
28. Nc4 Re8 29. Nfd2 Bd8 30. Nf3 Bc7 31. Rce2 Re6 32. Kf1 g5 33. g4 Kg7 34. g3
Kg6 35. Nfd2 Nxe5 36. Nxe5+ Rdxe5 37. Rxe5 Rxe5 38. Rxe5 Bxe5 39. Kg2 f5 40.
gxf5+ Kxf5 41. Nc4 Bc7 42. Kf3 h5 43. Nd2 1/2-1/2

[Event "Bayern-chTT (RL Nord-Ost)"]
[Site "Bayern 2008/09"]
[Date "2008.11.30"]
[Round "3.2"]
[White "Grabert, Ralf"]
[Black "Blodig, Reinhard"]
[Result "1/2-1/2"]
[WhiteElo "2192"]
[BlackElo "2067"]
[PlyCount "102"]
[EventDate "2009.03.??"]
[EventType "team-tourn"]
[EventRounds "9"]
[WhiteTeam "Kareth-Lappersdorf 1"]
[BlackTeam "Dietfurt 1"]

1. d4 Nf6 2. Nf3 c5 3. e3 Qc7 4. c4 g6 5. Nc3 Bg7 6. Be2 O-O 7. O-O a6 8. b3 b6
9. Bb2 d6 10. Qd2 Bb7 11. d5 Nbd7 12. Rad1 Rad8 13. Nh4 Qb8 14. f4 Ne8 15. Bf3
Nc7 16. a4 Bc8 17. Rb1 b5 18. axb5 axb5 19. Ne4 Bxb2 20. Rxb2 f5 21. Ng5 Nf6
22. e4 fxe4 23. Bxe4 Nxe4 24. Nxe4 e6 25. Qc3 Ne8 26. dxe6 Bxe6 27. Ng5 Ng7 28.
Re2 Rde8 29. Rfe1 b4 30. Qb2 Bf7 31. Ne4 Kh8 32. f5 Qd8 33. g3 Re5 34. Qd2 d5
35. Ng5 Rxe2 36. Rxe2 gxf5 37. cxd5 Qxd5 38. Qxd5 Bxd5 39. Re5 Bxb3 40. Rxc5
Bg8 41. Rb5 b3 42. Ngf3 Rd8 43. Kf2 h6 44. Rb6 Kh7 45. Ne5 Be6 46. Nhg6 Rc8 47.
Ke3 Bd5 48. Nf4 Bg8 49. Rb7 Re8 50. Kd4 Rd8+ 51. Ke3 Re8 1/2-1/2

[Event "Bayern-chTT (RL Nord-Ost)"]
[Site "Bayern 2008/09"]
[Date "2008.11.30"]
[Round "3.4"]
[White "Seidl, Juergen Dr(68)"]
[Black "Blodig, Stefan"]
[Result "1-0"]
[WhiteElo "2097"]
[BlackElo "2005"]
[PlyCount "83"]
[EventDate "2009.03.??"]
[EventType "team-tourn"]
[EventRounds "9"]
[WhiteTeam "Kareth-Lappersdorf 1"]
[BlackTeam "Dietfurt 1"]

1. d4 d5 2. c4 e6 3. Nf3 c5 4. e3 Nf6 5. Nc3 Nc6 6. a3 a6 7. dxc5 Bxc5 8. b4
Be7 9. Bb2 O-O 10. Qc2 dxc4 11. Bxc4 b5 12. Bd3 Bb7 13. Qe2 Bd6 14. O-O Rc8 15.
Rad1 Qe7 16. Ne4 Nxe4 17. Bxe4 f5 18. Bb1 e5 19. e4 f4 20. Rd2 Rf6 21. Ng5 Rcf8
22. Ba2+ Kh8 23. Rfd1 f3 24. Nxf3 Bc8 25. Rd3 Bg4 26. Bd5 Nd4 27. Bxd4 exd4 28.
e5 Rf5 29. Rxd4 Bxe5 30. Rxg4 Qf6 31. Be4 Rh5 32. h3 Bb8 33. Qd3 h6 34. Rg6 Qf4
35. g3 Qc7 36. Kg2 a5 37. Qd7 Qc3 38. Rd3 Qb2 39. g4 Rg5 40. Rxh6+ Kg8 41. Bd5+
Rxd5 42. Qxd5+ 1-0

[Event "Bayern-chTT (RL Nord-Ost)"]
[Site "Bayern 2008/09"]
[Date "2008.11.30"]
[Round "3.5"]
[White "Bader, Dominic"]
[Black "Strobel, Christian"]
[Result "1-0"]
[WhiteElo "1936"]
[BlackElo "2092"]
[PlyCount "83"]
[EventDate "2009.03.??"]
[EventType "team-tourn"]
[EventRounds "9"]
[WhiteTeam "Dietfurt 1"]
[BlackTeam "Kareth-Lappersdorf 1"]

1. e4 e6 2. Nc3 d5 3. Nf3 d4 4. Ne2 c5 5. c3 Nc6 6. cxd4 cxd4 7. Qa4 d3 8. Ned4
Bd7 9. Bxd3 Bc5 10. Nxc6 Bxc6 11. Bb5 Ne7 12. d4 Bb6 13. O-O O-O 14. Bxc6 Nxc6
15. Be3 Qe7 16. Rfd1 f5 17. exf5 Rxf5 18. d5 Bxe3 19. dxc6 Bb6 20. Rd7 Qc5 21.
cxb7 Qxf2+ 22. Kh1 Raf8 23. Qe4 Kh8 24. Rad1 Qxb2 25. Qxe6 Qf6 26. Qxf6 R5xf6
27. Rd8 Bc7 28. Rxf8+ Rxf8 29. Rc1 Bd6 30. Rc8 Kg8 31. Nd4 Kf7 32. Nc6 a6 33.
Rxf8+ Kxf8 34. b8=Q+ Bxb8 35. Nxb8 a5 36. Nd7+ Ke7 37. Nc5 Kf6 38. Nb3 a4 39.
Kg1 axb3 40. axb3 Ke5 41. Kf2 Kd4 42. Kf3 1-0

[Event "Bayern-chTT (RL Nord-Ost)"]
[Site "Bayern 2008/09"]
[Date "2008.11.30"]
[Round "3.6"]
[White "Baumer, Andreas"]
[Black "Blodig, Carolin"]
[Result "0-1"]
[WhiteElo "1908"]
[BlackElo "1915"]
[PlyCount "84"]
[EventDate "2009.03.??"]
[EventType "team-tourn"]
[EventRounds "9"]
[WhiteTeam "Kareth-Lappersdorf 1"]
[BlackTeam "Dietfurt 1"]

1. Nf3 g6 2. g3 Bg7 3. Bg2 f5 4. d4 Nf6 5. c4 O-O 6. Nc3 d6 7. Bf4 h6 8. h4 Qe8
9. Qd2 Kh7 10. Qc2 c6 11. O-O-O Ng4 12. e4 fxe4 13. Nh2 e3 14. Nxg4 Bxg4 15.
Bxe3 Bxd1 16. Kxd1 Nd7 17. h5 Nf6 18. Ne4 Ng4 19. hxg6+ Kg8 20. Bf4 Qxg6 21. f3
e5 22. Bc1 d5 23. cxd5 cxd5 24. Qb3 Qf7 25. Rh4 dxe4 26. Rxg4 Qxb3+ 27. axb3
exf3 28. Bf1 Rad8 29. Be3 Kh8 30. Rh4 Rd6 31. g4 exd4 32. Bd2 Rb6 33. b4 Re6
34. g5 f2 35. gxh6 Be5 36. Rh5 Bg3 37. Rh1 Rfe8 38. Kc2 Re4 39. Kd3 Rh4 40.
Rxh4 Bxh4 41. Be2 Rf8 42. Bf1 Rg8 0-1

[Event "Bayern-chTT (RL Nord-Ost)"]
[Site "Bayern 2008/09"]
[Date "2008.11.30"]
[Round "3.7"]
[White "Bothe, Matthias"]
[Black "Kues, Manuel"]
[Result "1-0"]
[WhiteElo "1840"]
[BlackElo "1836"]
[PlyCount "63"]
[EventDate "2009.03.??"]
[EventType "team-tourn"]
[EventRounds "9"]
[WhiteTeam "Dietfurt 1"]
[BlackTeam "Kareth-Lappersdorf 1"]

1. c4 Nf6 2. Nc3 g6 3. Nf3 Bg7 4. g3 d6 5. Bg2 O-O 6. O-O e5 7. d3 c6 8. Bd2
Nbd7 9. Qc2 Nc5 10. b4 Ne6 11. Rab1 Bd7 12. Qc1 Nh5 13. Ng5 f5 14. Nxe6 Bxe6
15. b5 Qd7 16. bxc6 bxc6 17. Qb2 Rf7 18. Qa3 f4 19. Ne4 fxg3 20. hxg3 d5 21.
Ng5 Rf6 22. Nxe6 Rxe6 23. Bh3 Rf8 24. cxd5 Qxd5 25. Bxe6+ Qxe6 26. Qb3 Qxb3 27.
Rxb3 Rd8 28. Rc1 e4 29. Rxc6 Bd4 30. Kg2 Bb6 31. Be3 exd3 32. Rxd3 1-0

[Event "Bayern-chTT (RL Nord-Ost)"]
[Site "Bayern 2008/09"]
[Date "2008.11.30"]
[Round "3.8"]
[White "Kappl, Peter"]
[Black "Egert, Stefan"]
[Result "1/2-1/2"]
[WhiteElo "1919"]
[BlackElo "1835"]
[PlyCount "122"]
[EventDate "2009.03.??"]
[EventType "team-tourn"]
[EventRounds "9"]
[WhiteTeam "Kareth-Lappersdorf 1"]
[BlackTeam "Dietfurt 1"]

1. e4 e5 2. Nf3 Nc6 3. Bb5 a6 4. Ba4 Nf6 5. O-O d6 6. Re1 b5 7. Bb3 Be7 8. c3
Na5 9. Bc2 c5 10. d4 cxd4 11. cxd4 Nc6 12. d5 Na5 13. Nbd2 Bg4 14. b4 Nc4 15.
Nxc4 bxc4 16. Ba4+ Bd7 17. Bd2 Bb5 18. Bxb5+ axb5 19. a4 bxa4 20. Rxa4 O-O 21.
Bc3 Qb6 22. Nd2 Ng4 23. Re2 Qc7 24. h3 Nf6 25. Re1 Nd7 26. Ra5 Bg5 27. Nf3 Be7
28. Qc2 Qb7 29. Rea1 Rxa5 30. Rxa5 Bd8 31. Ra3 Bb6 32. Nd2 Rc8 33. Qa2 Nf6 34.
Kf1 h6 35. f3 Be3 36. Nxc4 Qb5 37. Ke2 Rxc4 38. Kxe3 Qb6+ 39. Kd3 Rc8 40. Ra8
Qb5+ 41. Kd2 Rxa8 42. Qxa8+ Kh7 43. Qc6 Qf1 44. Qxd6 Qxg2+ 45. Kc1 Qf1+ 46. Kb2
Qxf3 47. Qxe5 Qg2+ 48. Kb3 Nxe4 49. d6 Nxc3 50. Kxc3 Qf1 51. Qe7 Qf3+ 52. Kd4
Qf2+ 53. Kc4 Qc2+ 54. Kd5 Qb3+ 55. Kc5 Qc3+ 56. Kb5 Qd3+ 57. Kc6 Qc4+ 58. Kd7
Qb5+ 59. Kc8 Qa6+ 60. Kd8 Qa8+ 61. Kd7 Qa4+ 1/2-1/2

[Event "Bayern-chTT (RL Nord-Ost)"]
[Site "Bayern 2008/09"]
[Date "2008.11.30"]
[Round "3.1"]
[White "Illetsko, Jaroslav"]
[Black "Lutz, Dieter"]
[Result "1/2-1/2"]
[WhiteElo "2120"]
[BlackElo "2274"]
[PlyCount "41"]
[EventDate "2009.03.??"]
[EventType "team-tourn"]
[EventRounds "9"]
[WhiteTeam "Windischeschenbach 1"]
[BlackTeam "Bechhofen 1"]

1. e4 c5 2. Nf3 e6 3. d4 cxd4 4. Nxd4 a6 5. Bd3 Qb6 6. Nb3 Qc7 7. O-O Nf6 8. f4
d6 9. Nc3 Nbd7 10. Be3 b5 11. a3 Bb7 12. Qe2 Be7 13. h3 Rc8 14. Qf2 Qb8 15. f5
Ne5 16. fxe6 fxe6 17. Nd4 O-O 18. Qe2 Kf7 19. Qh5+ Kg8 20. Qe2 Kf7 21. Qh5+
1/2-1/2

[Event "Bayern-chTT (RL Nord-Ost)"]
[Site "Bayern 2008/09"]
[Date "2008.11.30"]
[Round "3.2"]
[White "Alsheimer, Christoph"]
[Black "Mueller, Christian(72)"]
[Result "0-1"]
[WhiteElo "2224"]
[BlackElo "2061"]
[PlyCount "78"]
[EventDate "2009.03.??"]
[EventType "team-tourn"]
[EventRounds "9"]
[WhiteTeam "Bechhofen 1"]
[BlackTeam "Windischeschenbach 1"]

1. d4 d5 2. Nf3 Nf6 3. e3 Bf5 4. c4 c6 5. Nc3 a6 6. Qb3 b5 7. cxb5 cxb5 8. a4
b4 9. Qxb4 Nc6 10. Qc5 Na5 11. Qa3 e6 12. b4 Nc6 13. Na2 Qb6 14. Bd2 Ne4 15. a5
Qb7 16. Qa4 Nxd2 17. Nxd2 Rb8 18. Rc1 Kd7 19. Be2 Bd6 20. O-O Rhc8 21. e4 Bxe4
22. Nxe4 dxe4 23. d5 exd5 24. Bg4+ Ke7 25. Bxc8 Rxc8 26. Qd1 Rd8 27. Qg4 Kf8
28. Qf5 Nd4 29. Qh5 g6 30. Qh6+ Kg8 31. Qe3 Nf5 32. Qc3 Qe7 33. Qc6 Nd4 34.
Qxa6 Bxh2+ 35. Kxh2 Qh4+ 36. Kg1 Nf3+ 37. gxf3 exf3 38. Rfd1 Qg4+ 39. Kf1 Re8
0-1

[Event "Bayern-chTT (RL Nord-Ost)"]
[Site "Bayern 2008/09"]
[Date "2008.11.30"]
[Round "3.3"]
[White "Kalous, Miroslav"]
[Black "Kurz, Christian"]
[Result "0-1"]
[WhiteElo "2060"]
[BlackElo "2074"]
[PlyCount "74"]
[EventDate "2009.03.??"]
[EventType "team-tourn"]
[EventRounds "9"]
[WhiteTeam "Windischeschenbach 1"]
[BlackTeam "Bechhofen 1"]

1. d4 Nf6 2. Nf3 d5 3. Bf4 c6 4. e3 Bg4 5. Nbd2 e6 6. Bd3 Be7 7. c3 O-O 8. h3
Bxf3 9. Qxf3 c5 10. O-O Nc6 11. Qe2 Bd6 12. Bxd6 Qxd6 13. f4 Rab8 14. a3 Nd7
15. Kh1 Qe7 16. Nf3 f6 17. e4 cxd4 18. exd5 exd5 19. Qxe7 Nxe7 20. Nxd4 g6 21.
Rfe1 Nc6 22. Nxc6 bxc6 23. b4 Rfe8 24. a4 Kf8 25. Kg1 f5 26. Kf2 Nf6 27. Rxe8+
Kxe8 28. Ke3 Kd7 29. Kd4 Kd6 30. Rb1 Re8 31. a5 Nh5 32. Rf1 Ng7 33. Ba6 Re4+
34. Kd3 Ne6 35. g3 c5 36. Rb1 Nc7 37. Bb7 c4+ 0-1

[Event "Bayern-chTT (RL Nord-Ost)"]
[Site "Bayern 2008/09"]
[Date "2008.11.30"]
[Round "3.4"]
[White "Ponnath, Lorenz"]
[Black "Zant, Juergen"]
[Result "0-1"]
[WhiteElo "1967"]
[BlackElo "1978"]
[PlyCount "54"]
[EventDate "2009.03.??"]
[EventType "team-tourn"]
[EventRounds "9"]
[WhiteTeam "Bechhofen 1"]
[BlackTeam "Windischeschenbach 1"]

1. d4 g6 2. e4 Bg7 3. Bc4 c5 4. Nf3 cxd4 5. O-O Nc6 6. c3 d6 7. Nxd4 Nf6 8.
Nxc6 bxc6 9. e5 Nd5 10. Bxd5 cxd5 11. Qxd5 Be6 12. Qc6+ Bd7 13. Qf3 dxe5 14.
Rd1 O-O 15. c4 Qc8 16. Qe3 Bg4 17. f3 Be6 18. Na3 f5 19. Bd2 f4 20. Qe1 e4 21.
Bb4 e3 22. Bxe7 Re8 23. Bd6 Bxb2 24. Rac1 Qa6 25. Nb5 Bxc1 26. Nc7 Bd2 27. Rxd2
exd2 0-1

[Event "Bayern-chTT (RL Nord-Ost)"]
[Site "Bayern 2008/09"]
[Date "2008.11.30"]
[Round "3.5"]
[White "Laubert, Johannes"]
[Black "Lutz, Thomas"]
[Result "1/2-1/2"]
[WhiteElo "2067"]
[BlackElo "1938"]
[PlyCount "80"]
[EventDate "2009.03.??"]
[EventType "team-tourn"]
[EventRounds "9"]
[WhiteTeam "Windischeschenbach 1"]
[BlackTeam "Bechhofen 1"]

1. e4 c5 2. Nf3 e6 3. d4 cxd4 4. Nxd4 a6 5. Bd3 Qc7 6. O-O Nf6 7. Qe2 d6 8. c4
Nbd7 9. Nc3 b6 10. f4 Bb7 11. b3 Be7 12. Bb2 Rc8 13. Rae1 O-O 14. Nf3 Nc5 15.
Bc2 h6 16. Kh1 Rfe8 17. e5 Nh7 18. f5 Bxf3 19. Qxf3 Ng5 20. Qg3 dxe5 21. h4 Nh7
22. fxe6 f6 23. Nd5 Qd6 24. Rd1 Qxe6 25. Bf5 Qc6 26. Bxc8 Qxc8 27. Nxb6 Qe6 28.
Nd5 Bd8 29. Qg6 Nf8 30. Qf5 Qc6 31. Rf3 Nce6 32. Kh2 a5 33. g3 a4 34. Qc2 axb3
35. axb3 Nc7 36. Rfd3 Nxd5 37. Rxd5 Bc7 38. b4 e4 39. b5 Qe6 40. Qg2 Qg4
1/2-1/2

[Event "Bayern-chTT (RL Nord-Ost)"]
[Site "Bayern 2008/09"]
[Date "2008.11.30"]
[Round "3.6"]
[White "Boese, Klaus(63)"]
[Black "Kaeck, Ralf"]
[Result "1-0"]
[WhiteElo "1953"]
[BlackElo "1987"]
[PlyCount "97"]
[EventDate "2009.03.??"]
[EventType "team-tourn"]
[EventRounds "9"]
[WhiteTeam "Bechhofen 1"]
[BlackTeam "Windischeschenbach 1"]

1. Nf3 Nf6 2. d4 g6 3. Bf4 Bg7 4. e3 c5 5. c3 Qb6 6. Qb3 Qxb3 7. axb3 d6 8.
dxc5 dxc5 9. Bxb8 Rxb8 10. Bb5+ Bd7 11. Bxd7+ Nxd7 12. Rxa7 O-O 13. Ke2 Nb6 14.
Rd1 Nc8 15. Ra2 Nd6 16. Nbd2 b5 17. Ng5 b4 18. c4 h6 19. Nge4 Nb7 20. g4 Rfd8
21. Nf3 Rxd1 22. Kxd1 f5 23. gxf5 gxf5 24. Ng3 Nd6 25. Kc2 Kf7 26. Ra5 Rc8 27.
Ne1 Bf8 28. Nd3 e6 29. Rxc5 Rxc5 30. Nxc5 Nxc4 31. bxc4 Bxc5 32. Kd3 Bd6 33. f4
Be7 34. b3 Ke8 35. e4 fxe4+ 36. Kxe4 Kd7 37. f5 Bg5 38. h3 Ke7 39. Ne2 Kf6 40.
fxe6 Kxe6 41. c5 Kd7 42. Kd5 Be3 43. Ng3 Bf2 44. Ne4 Be1 45. Nf6+ Kc7 46. Ng4
Bd2 47. Nf2 Be1 48. Nd3 Bd2 49. Kc4 1-0

[Event "Bayern-chTT (RL Nord-Ost)"]
[Site "Bayern 2008/09"]
[Date "2008.11.30"]
[Round "3.7"]
[White "Bloederl, Alfred"]
[Black "Kaiser, Harald(66)"]
[Result "1/2-1/2"]
[WhiteElo "1977"]
[BlackElo "1978"]
[PlyCount "58"]
[EventDate "2009.03.??"]
[EventType "team-tourn"]
[EventRounds "9"]
[WhiteTeam "Windischeschenbach 1"]
[BlackTeam "Bechhofen 1"]

1. e4 d6 2. d4 Nf6 3. Nc3 e5 4. dxe5 dxe5 5. Qxd8+ Kxd8 6. Bc4 Be6 7. Bxe6 fxe6
8. Nf3 Bd6 9. Be3 Nc6 10. O-O-O Ke7 11. Bg5 a6 12. Rd3 b5 13. Rhd1 Rhb8 14. Kb1
h6 15. Bxf6+ Kxf6 16. Ne2 Ke7 17. h4 Rf8 18. h5 Rad8 19. Rf1 Bb4 20. Rxd8 Rxd8
21. Kc1 Bc5 22. Nh4 Rd7 23. c3 Ke8 24. g3 Rf7 25. f4 exf4 26. gxf4 Ne5 27. Kd2
Ng4 28. Ng2 Nf6 29. Ng3 Ng4 1/2-1/2